[Event "CZE-ch 2020"]
[Site "Pilsen"]
[Date "2020.08.31"]
[Round "9.27"]
[White "Koubova, Anna Marie"]
[Black "Simet, Martin"]
[Result "1-0"]
[WhiteElo "2099"]
[BlackElo "2194"]
[Annotator "TA"]
[PlyCount "119"]
[EventDate "2020.08.23"]
[EventType "swiss"]
[EventCountry "CZE"]
[SourceTitle "playchess.com"]
[Source "ChessBase"]
[SourceQuality "1"]

{[%evp 12,119,32,29,29,12,35,24,25,14,50,47,41,45,46,46,71,40,79,38,49,27,50,39,72,79,99,54,112,64,67,66,70,61,99,78,67,42,59,37,38,38,38,38,47,47,47,37,33,50,51,49,50,40,44,35,173,152,330,122,116,106,105,114,111,108,133,145,139,145,151,103,103,99,103,103,103,77,103,103,103,92,918,852,944,895,8312,761,758,736,702,322,12833,12828,12850,12851,12851,12851,12851,12851,12851,0,0,0,12851,12851,12851,27999,12851,12851]} 1. d4 d6 2. g3 g6 3. Bg2 Bg7 4. e4 Nd7 5. Nf3 e5 6. O-O Ne7 7. Nc3 O-O {A41: 1 d4 d6: Tartakower System and Modern Defence.} 8. Re1 {[#]} Re8 $146 ({Predecessor:} 8... exd4 9. Nxd4 Nc6 10. Nce2 Nde5 11. c3 Bg4 12. f3 Nxd4 13. Nxd4 Bd7 14. f4 Nc6 15. Be3 {½-½ (66) Sargsyan,A (2340)-Gaponenko,I (2427) Astana 2019}) 9. Be3 a6 {White has an edge.} 10. a4 b6 11. Qd2 Rb8 12. Bg5 {aiming for dxe5.} f6 13. Bh6 Nf8 14. Rad1 {Black must now prevent Bxg7.} Be6 15. Bf1 Qc8 16. Qe3 Qb7 17. Rd2 exd4 18. Nxd4 Bf7 19. Bg2 Qc8 (19... c5 $1 $14 20. Nde2 Nf5 21. exf5 Rxe3 22. Bxb7 Bxh6 23. Rxd6 Rxe2 24. Rxe2 Rxb7) 20. Rdd1 c5 21. Bxg7 Kxg7 (21... cxd4 $2 22. Qh6 $18) 22. Nde2 d5 {Black wants to play ...d4.} 23. exd5 Nxd5 24. Qf3 Nb4 25. Ne4 Qf5 $1 {[%cal Rf5f3]} 26. Nd6 Qxf3 27. Nxe8+ Rxe8 28. Bxf3 {Strongly threatening c3.} Nxc2 29. Rf1 $36 {[%mdl 2048] White fights for an advantage.} Bc4 30. Rd2 Nd4 $1 {[%cal Rd4f3]} 31. Nxd4 Bxf1 32. Kxf1 cxd4 33. Rxd4 $14 {[%mdl 4096] Endgame KRB-KRN} Ne6 (33... a5 $14) 34. Rd6 Nc5 $2 (34... a5 $16 35. Rxb6 Nd4) 35. Rxb6 $2 (35. b4 $1 $18) 35... Nxa4 $16 36. Rb7+ (36. Rxa6 $6 Nxb2 37. Be2 Rc8 $11) 36... Kf8 37. Bc6 Nc5 38. Rxh7 {Hoping for Rh8+.} Re6 39. Bd5 Rd6 40. Bc4 Ne4 {...Nd2+ is the strong threat.} 41. Be2 Rb6 42. Bd3 Nd2+ 43. Kg2 f5 44. Ra7 Rxb2 45. Rxa6 Kf7 46. h4 Ne4 $2 {[%mdl 8192] [#]} (46... Rb4 $16 47. Rc6 Ne4) 47. Bxe4 $1 $18 fxe4 {[#] KR-KR} 48. Kf1 $1 Kg7 49. Ra4 (49. Re6 $142 Rb4 50. Ke2) 49... e3 50. fxe3 Kf6 51. Ra6+ Kf5 $2 {[#]} (51... Kg7 52. Ra4 Kf6 53. Rf4+ Ke6) 52. e4+ $1 Kxe4 53. Rxg6 Kf3 54. Kg1 Rg2+ 55. Kh1 Re2 56. h5 (56. g4 $2 {gets mated.} Kg3 57. Rf6 Re1+ 58. Rf1 Rxf1#) 56... Re5 57. h6 (57. g4 $2 Kg3 58. Rf6 Re1+ 59. Rf1 Rxf1#) 57... Ra5 $2 {[%mdl 8192]} (57... Kf2 $11 58. Rg4 (58. g4 $2 {is a self mate.} Kg3 59. Rf6 Re1+ 60. Rf1 Rxf1#) 58... Kf3) 58. Kg1 (58. g4 $2 {leads to mate.} Kg3 59. Rf6 Ra1+ 60. Rf1 Rxf1#) 58... Rh5 59. g4 Rh4 60. g5 {Accuracy: White = 76%, Black = 57%.} 1-0

[Event "CZE-ch 2020"]
[Site "Pilsen"]
[Date "2020.08.31"]
[Round "9.28"]
[White "Jun, Rudolf"]
[Black "Flajsman, Pavel"]
[Result "1/2-1/2"]
[WhiteElo "2094"]
[BlackElo "2184"]
[Annotator "TA"]
[PlyCount "73"]
[EventDate "2020.08.23"]
[EventType "swiss"]
[EventCountry "CZE"]
[SourceTitle "playchess.com"]
[Source "ChessBase"]
[SourceQuality "1"]

{[%evp 15,73,-8,-6,-17,-8,-20,0,0,0,-1,0,0,0,0,0,-14,0,0,1,-10,-12,-13,0,2,11,0,37,38,40,34,33,0,37,34,35,30,51,47,70,68,71,52,89,46,52,52,52,47,52,52,52,32,52,0,52,52,52,36,44,-19]} 1. e4 c5 2. Nf3 Nf6 3. Nc3 d6 4. Bb5+ Bd7 5. Bxd7+ Nbxd7 6. O-O g6 7. d4 cxd4 8. Nxd4 Bg7 9. Re1 {B70: Sicilian Dragon: 6 g3 and 6 Be2 (without a later Be3).} O-O 10. Nd5 Rc8 11. c3 {The position is equal.} Nxd5 12. exd5 {[#]} Re8 $146 ({Predecessor:} 12... Nf6 13. Qb3 Qd7 14. Be3 h6 15. Rad1 Ng4 16. Bc1 Rc5 17. a4 Nf6 18. Nf3 Re8 {0-1 (31) Pascual Arevalo,A (2259)-Ortiz Fernandez,V (2081) Oviedo 2000}) 13. Be3 Qa5 14. Nb3 Qc7 15. Bd4 Nf6 16. Qf3 a5 {[%cal Ba7a5,Ba5a4][%mdl 32]} 17. Nd2 a4 18. Rad1 b5 19. a3 Qb7 20. Bxf6 Bxf6 21. Ne4 Bg7 22. Ng5 Bf6 23. Ne4 Bg7 24. Re2 Rf8 25. Rde1 Rc7 26. Qd3 h6 27. g3 Rd7 28. Nd2 Rc8 {Threatening ...Rc5.} 29. Nf3 Rc5 30. Rd1 Bf6 31. Ne1 Kg7 32. Nc2 Rd8 33. Re4 Rc4 34. Re2 ({White should play} 34. Re3 $14) 34... Re8 (34... Rc5 $1 $11) 35. Ne3 {White is slightly better.} Rcc8 36. Ng4 h5 37. Nxf6 {Accuracy: White = 90%, Black = 90%.} ({Better is} 37. Ne3 $1 $14) 1/2-1/2

[Event "CZE-ch 2020"]
[Site "Pilsen"]
[Date "2020.08.31"]
[Round "9.29"]
[White "Frank, Adam"]
[Black "Laurincova, Kristyna"]
[Result "1/2-1/2"]
[WhiteElo "2219"]
[BlackElo "2008"]
[Annotator "TA"]
[PlyCount "78"]
[EventDate "2020.08.23"]
[EventType "swiss"]
[EventCountry "CZE"]
[SourceTitle "playchess.com"]
[Source "ChessBase"]
[SourceQuality "1"]

{[%evp 23,78,-2,0,0,-16,-30,-23,-114,-119,-120,-106,-176,-168,-186,-155,-202,-190,-199,-172,-205,-206,-220,-224,-322,-351,-331,-93,-96,-94,-98,-97,-97,-97,-95,-89,-93,-92,-98,-76,-101,-81,-88,0,-101,-85,-102,-50,-54,-57,-54,-51,-66,0,-65,0,-66,0]} 1. e4 c5 2. Nf3 d6 3. d4 cxd4 4. Nxd4 Nf6 5. Nc3 a6 6. Bg5 e6 7. f4 Nbd7 8. Qf3 h6 9. Bh4 Be7 10. O-O-O Qc7 11. g4 g5 12. fxg5 Ne5 13. Qg3 $1 {B99: Sicilian Najdorf: 6 Bg5 e6 7 f4 Be7 8 Qf3 Qc7 9 0-0-0 Nbd7.} Nfxg4 14. g6 fxg6 {[#]} 15. h3 $146 {[#]} (15. Be2 $11 {keeps the balance.} Bxh4 16. Qxh4) ({Predecessor:} 15. Bxe7 Qxe7 16. Be2 Qg5+ 17. Kb1 Qe3 18. Qxe3 Nxe3 19. Rdg1 b5 20. b3 b4 21. Rg3 Nxc2 22. Kxc2 bxc3 {0-1 (50) Besson,B (2181)-Sahil,T (2275) Rochefort 2020}) 15... g5 $1 $17 {[%cal Rg5h4]} 16. hxg4 gxh4 17. Qh3 (17. Rxh4 $17 Bxh4 18. Qxh4) 17... Bg5+ $19 18. Kb1 Bd7 19. Nf3 Nxf3 20. Qxf3 O-O-O 21. Be2 Rhf8 22. Qd3 Bc6 23. Qc4 {[#]} (23. Rhf1 {was worth a try.}) 23... d5 $1 {[%mdl 512]} 24. exd5 Bxd5 $2 (24... exd5 $19 {is more deadly.} 25. Nxd5 Qe5) 25. Nxd5 $17 Rxd5 26. Rxd5 {Black must now prevent Rc5!} Qxc4 27. Bxc4 exd5 28. Bxd5 $19 {[%mdl 4096] Endgame KRB-KRB} Rf4 29. a3 Kc7 30. Rh3 Bf6 31. Be6 Kd6 32. Bc8 Kc7 33. Be6 $1 Rf1+ 34. Ka2 Rg1 ({Black should play} 34... a5 $17) 35. Rf3 $15 Bg5 36. Rc3+ Kb6 37. Rb3+ Kc7 38. Rc3+ $1 Kb6 39. Rb3+ $1 Kc7 {White happily takes the draw. Accuracy: White = 63%, Black = 81%.} (39... Ka7 $15) 1/2-1/2

[Event "CZE-ch 2020"]
[Site "Pilsen"]
[Date "2020.08.31"]
[Round "9.31"]
[White "Smolik, Jachym"]
[Black "Kures, Michael"]
[Result "1/2-1/2"]
[WhiteElo "2121"]
[BlackElo "2019"]
[Annotator "RC"]
[PlyCount "104"]
[EventDate "2020.08.23"]
[EventType "swiss"]
[EventCountry "CZE"]
[SourceTitle "playchess.com"]
[Source "ChessBase"]
[SourceQuality "1"]
[TimeControl "40/5400+30:1800+30"]

1. d4 {[%emt 0:08:43]} Nf6 {[%emt 0:00:13]} 2. Nf3 {[%emt 0:00:09]} d6 {[%emt 0:00:25]} 3. c4 {[%emt 0:00:13]} Nbd7 {[%emt 0:00:40]} 4. Nc3 {[%emt 0:01:26]} g6 {[%emt 0:00:09]} 5. e4 {[%emt 0:00:30]} Bg7 {[%emt 0:00:25]} 6. Be2 {[%emt 0:00:03]} O-O {[%emt 0:00:10]} 7. Bg5 {[%emt 0:00:53]} e5 {[%emt 0:00:28]} 8. d5 {[%emt 0:00:16]} a5 {[%emt 0:01:30]} 9. Nd2 {[%emt 0:00:36]} Qe8 {[%emt 0:00:59]} 10. h4 {[%emt 0:07:55]} h6 {[%emt 0:01:05]} 11. Be3 {[%emt 0:00:02]} Nh7 {[%emt 0:01:38]} 12. Nb5 {[%emt 0:13:17]} Qd8 {[%emt 0:00:21]} 13. h5 {[%emt 0:02:40]} g5 {[%emt 0:02:35]} 14. g4 {[%emt 0:00:57]} Nc5 {[%emt 0:00:43]} 15. f3 {[%emt 0:01:18]} c6 {[%emt 0:01:16]} 16. Nc3 {[%emt 0:02:03]} Na6 {[%emt 0:00:27]} 17. dxc6 {[%emt 0:01:32]} bxc6 {[%emt 0:01:03]} 18. Nb3 {[%emt 0:01:29]} Be6 {[%emt 0:01:30]} 19. Qd2 {[%emt 0:04:54]} Qc7 {[%emt 0:04:12]} 20. Rd1 {[%emt 0:09:45]} Rfd8 {[%emt 0:00:38]} 21. Na4 {[%emt 0:01:42]} c5 {[%emt 0:01:50]} 22. Nc3 {[%emt 0:02:52]} Nb4 {[%emt 0:02:16]} 23. Nb5 {[%emt 0:03:23]} Qb6 {[%emt 0:01:20]} 24. Nc1 {[%emt 0:12:07]} Bf8 {[%emt 0:02:20]} 25. a3 {[%emt 0:02:59]} Nc6 {[%emt 0:00:55]} 26. Na2 {[%emt 0:00:41]} Nd4 {[%emt 0:00:28]} 27. Nac3 {[%emt 0:01:49]} Be7 {[%emt 0:08:16]} 28. Bxd4 {[%emt 0:01:10]} cxd4 {[%emt 0:00:30]} 29. Nd5 {[%emt 0:00:54]} Bxd5 {[%emt 0:02:02]} 30. exd5 {[%emt 0:06:11]} Nf6 {[%emt 0:01:37]} 31. Bd3 {[%emt 0:00:42]} Kg7 {[%emt 0:00:23]} 32. Qe2 {[%emt 0:00:43]} Rab8 {[%emt 0:00:25]} 33. Kf1 {[%emt 0:01:44]} Nd7 {[%emt 0:01:39]} 34. Kg2 {[%emt 0:02:00]} a4 {[%emt 0:01:03]} 35. Bc2 {[%emt 0:05:19]} Nc5 {[%emt 0:00:09]} 36. Qd2 {[%emt 0:00:15]} Ra8 {[%emt 0:01:42]} 37. Rhe1 {[%emt 0:00:41]} Rd7 {[%emt 0:00:56]} 38. Qb4 {[%emt 0:01:16]} Qa5 {[%emt 0:00:38]} 39. Qxa5 {[%emt 0:02:25]} Rxa5 {[%emt 0:00:08]} 40. Kf2 {[%emt 0:00:59]} Rd8 {[%emt 0:01:39]} 41. Nxd4 {[%emt 0:04:29]} exd4 {[%emt 0:00:51]} 42. Rxe7 {[%emt 0:00:01]} Kf8 {[%emt 0:03:15]} 43. Re2 {[%emt 0:00:20]} Rb8 {[%emt 0:00:17]} 44. Bf5 {[%emt 0:05:47]} Nb3 {[%emt 0:01:03]} 45. Bc2 {[%emt 0:07:33]} Nc5 {[%emt 0:01:23]} 46. Rxd4 {[%emt 0:09:56]} Rxb2 {[%emt 0:00:34]} 47. Bd1 {[%emt 0:00:23]} Rb1 {[%emt 0:00:35]} 48. f4 {[%emt 0:03:37]} gxf4 {[%emt 0:00:45]} 49. Bc2 {[%emt 0:00:20]} Ra1 50. Rxf4 Rxa3 51. g5 hxg5 52. Rf5 Rh3 1/2-1/2

[Event "CZE-ch 2020"]
[Site "Pilsen"]
[Date "2020.08.31"]
[Round "9.32"]
[White "Nemcova, Karin"]
[Black "Kopriva, Martin"]
[Result "0-1"]
[WhiteElo "1983"]
[BlackElo "2079"]
[Annotator "TA"]
[PlyCount "102"]
[EventDate "2020.08.23"]
[EventType "swiss"]
[EventCountry "CZE"]
[SourceTitle "playchess.com"]
[Source "ChessBase"]
[SourceQuality "1"]

{[%evp 10,102,48,12,52,40,48,22,48,-5,61,47,79,66,95,82,89,68,69,79,65,61,93,-10,6,8,48,39,73,75,49,0,-5,-91,-91,-117,0,-15,-22,-10,0,-19,0,0,-2,-46,-37,-38,-14,-6,0,-44,-42,-34,-42,-36,0,-23,-22,-30,0,0,0,0,0,0,95,98,86,91,137,94,150,0,137,122,127,129,216,215,205,203,201,8,8,-29969,-2609,-29976,-29976,-29977,-29978,-29985,-29986,-29985,-29978]} 1. e4 g6 2. d4 Bg7 3. Nc3 d6 4. Be3 a6 5. Qd2 Nd7 6. Nf3 e6 {B06: Modern Defence.} 7. O-O-O b5 8. Bd3 Bb7 {[#] The position is equal.} 9. Rhe1 $146 (9. h4 $14) ({Predecessor:} 9. Bg5 Qc8 10. Rhe1 h6 11. Bh4 Nb6 12. Bg3 Ne7 13. h4 Qd7 14. a3 Rc8 15. Qe3 {½-½ (44) Simoes,M (1661)-Cavaleiro,D (2013) Almeirim 2017}) 9... Ne7 (9... c5 $11) 10. Bh6 $14 O-O 11. h4 c5 12. dxc5 Nxc5 13. Bxg7 Kxg7 {[#]} 14. h5 $1 {[%mdl 512]} Rc8 (14... gxh5 15. Rh1) 15. Rh1 Rh8 16. Rh4 (16. a3 $16) 16... b4 17. Ne2 b3 18. Qc3+ e5 19. axb3 Nxe4 20. Qb4 ({White should try} 20. h6+ $14 Kf8 21. Qe1) 20... Nc5 $11 21. hxg6 (21. h6+ $11 Kg8 22. Nc3) 21... hxg6 {And now ...Nd5 would win.} 22. Nc3 Bxf3 ({Black should play} 22... Rxh4 $17 23. Qxh4 Qc7) 23. Rxh8 Qxh8 24. gxf3 a5 25. Qg4 Nxd3+ 26. Rxd3 Nf5 27. f4 Qh6 28. Nd5 Qh1+ 29. Qd1 Qg2 {aiming for ...Rh8.} 30. Qe1 Rh8 {Hoping for ...Rh1!} 31. Rd1 $1 Nd4 32. Nc3 exf4 33. Qd2 ({Don't blunder} 33. Rxd4 $2 Rh1 $19) 33... Ne6 34. Qxd6 Rh1 (34... Rh5 $5 {[%cal Rg2f2]} 35. Qd2 Rh1 $11) 35. Qe5+ Kg8 36. Ne4 Rxd1+ 37. Kxd1 f3 (37... Qh3 $11 {keeps the balance.}) 38. Qxa5 $16 Qf1+ 39. Qe1 Qa6 40. Kd2 Qa5+ (40... f5 $142) 41. c3 (41. Nc3 $1 $16) 41... Qd5+ (41... f5 $1 $11 {remains equal.} 42. Ng3 Qd5+ 43. Kc1 Nc5) 42. Kc2 {Nf6+ is the strong threat.} Qf5 43. Kc1 $1 g5 (43... Nc5 $16 44. Nxc5 Qxc5) 44. Qe3 $18 g4 45. b4 Qe5 {[#]} 46. b5 $2 (46. Kd2 $1 $18) 46... Nc5 $1 $11 {[%cal Rc5e4]} 47. Nf6+ $2 {[%mdl 8192] Loses the game.} ({But not} 47. Qxc5 $2 Qxc5 48. Nxc5 g3 $19) (47. Qg5+ $11 Qxg5+ 48. Nxg5) 47... Qxf6 48. Qxc5 {[#]} g3 $1 {[%mdl 512] Black mates.} 49. Qc8+ (49. fxg3 f2) 49... Kh7 50. Kb1 g2 51. Qh3+ Qh6 {Accuracy: White = 57%, Black = 69%.} 0-1

[Event "CZE-ch 2020"]
[Site "Pilsen"]
[Date "2020.08.31"]
[Round "9.33"]
[White "Brozka, Karel"]
[Black "Pokrupa, Marek"]
[Result "1-0"]
[WhiteElo "1991"]
[BlackElo "2164"]
[Annotator "TA"]
[PlyCount "87"]
[EventDate "2020.08.23"]
[EventType "swiss"]
[EventCountry "CZE"]
[SourceTitle "playchess.com"]
[Source "ChessBase"]
[SourceQuality "1"]

{[%evp 20,87,46,48,42,33,52,42,84,0,0,0,9,-31,26,29,16,11,27,0,0,0,0,0,302,0,40,0,0,0,0,0,0,0,14,0,0,0,0,0,0,0,39,21,18,25,67,4,45,51,51,49,59,27,101,64,199,198,199,195,172,190,189,188,710,703,29979,29980,29976,29978]} 1. d4 Nf6 2. c4 g6 3. Nc3 Bg7 4. Nf3 O-O 5. e4 d6 6. Be2 e5 7. Bg5 Na6 8. O-O h6 9. Bh4 Qe8 10. Bxf6 Bxf6 11. c5 exd4 {E94: King's Indian: Classical: 6 Be2 e5 7 0-0: Various Black 7th moves.} 12. Nd5 Bd8 {Threatens to win with ...c6.} 13. Bxa6 $1 {And now cxd6 would win.} c6 {[#] White is slightly better.} 14. Nb4 $146 (14. cxd6 cxd5 15. Be2 dxe4 $15) (14. Qxd4 $16 bxa6 15. Nf6+ Bxf6 16. Qxf6) ({Predecessor:} 14. Nf4 Qxe4 15. g3 bxa6 16. Re1 Qf5 17. Nxd4 Qd7 18. Qa4 Bb7 19. Rad1 d5 20. Nf3 {½-½ (49) Lesiege,A (2584)-Movsesian,S (2666) Istanbul 2000}) 14... dxc5 $11 15. Nd3 bxa6 16. Nxc5 Bb6 (16... Bg4 $1 $15) 17. Qxd4 Bxc5 18. Qxc5 Qxe4 19. Ne5 Re8 20. Rfe1 Qd5 21. Qc3 {Rad1 is the strong threat.} c5 $2 {[%mdl 8192]} (21... Bf5 $11 {and Black has nothing to worry.}) 22. b3 $2 ({White has to play} 22. Rad1 $18 Qxa2 {[#]} 23. Nxg6 $1 {[%mdl 512]} Rxe1+ 24. Rxe1 (24. Qxe1 Be6 $11) 24... fxg6 25. Re8+ Kf7 26. Qe1) 22... Qd4 (22... Bb7 {with more complications.} 23. f3 Qd4+ 24. Qxd4 cxd4 25. Rac1 Rac8) 23. Qxd4 (23. Qf3 {seems wilder.} Bf5 24. Rad1 Qh4 25. g3 Qe7 26. Re3) 23... cxd4 24. Nc6 Rxe1+ 25. Rxe1 {[%mdl 4096] Endgame KRB-KRN} d3 26. Rd1 Bb7 27. Nd4 Rc8 28. f3 Rc3 29. Kf2 a5 30. Ke3 Ba6 31. Kd2 {[%mdl 1024] White has compensation.} Rc5 32. Rc1 Rd5 33. Nc6 ({White should try} 33. Rc6 $1 $14) 33... Rg5 34. g3 Rh5 35. h4 Kg7 36. f4 Rd5 (36... a4 $11) 37. Ne5 {Strongly threatening Rc7.} g5 {This move loses the game for Black.} ({Better is} 37... a4 $14) 38. hxg5 hxg5 39. Rc7 {[%mdl 64] [#] Double Attack} gxf4 40. gxf4 Kg8 41. Rxa7 ({Stronger than} 41. Nxf7 Rh5 $11) 41... f6 $2 (41... Rd6 42. Nxf7 (42. Rxf7 Rh6 $16) 42... Rg6) 42. Ng4 $18 ({Less strong is} 42. Rxa6 fxe5 43. fxe5 Rxe5 $18) 42... Rd6 43. Nh6+ Kf8 44. Ra8+ {Accuracy: White = 66%, Black = 50%.} 1-0

[Event "CZE-ch 2020"]
[Site "Pilsen"]
[Date "2020.08.31"]
[Round "9.34"]
[White "Janous, Marek"]
[Black "Joukl, Zdenek"]
[Result "1/2-1/2"]
[WhiteElo "1968"]
[BlackElo "2062"]
[Annotator "TA"]
[PlyCount "59"]
[EventDate "2020.08.23"]
[EventType "swiss"]
[EventCountry "CZE"]
[SourceTitle "playchess.com"]
[Source "ChessBase"]
[SourceQuality "1"]

{[%evp 10,59,48,17,40,47,50,38,83,20,39,30,30,0,45,44,45,33,35,31,54,50,74,54,61,47,55,27,43,48,43,35,38,16,38,12,23,23,28,28,34,21,29,29,29,29,29,0,34,0,37,0]} 1. e4 d6 2. d4 Nf6 3. Nc3 e5 4. dxe5 dxe5 5. Qxd8+ Kxd8 6. Bg5 Bb4 {B07: Pirc Defence: Miscellaneous Systems.} 7. O-O-O+ Nbd7 8. Nd5 Be7 9. Bxf6 (9. Nxe7 $16 Kxe7 10. f3) 9... gxf6 $11 {[#]} 10. Ne2 $146 ({Predecessor:} 10. Nxe7 Kxe7 11. f3 Nb6 12. b3 Be6 13. Bd3 a5 14. a4 c5 15. c4 h5 16. Ne2 {0-1 (29) Pavlovic,V (1605)-Kovacs,I (1830) Subotica 2019}) 10... c6 11. Ne3 Ke8 12. Ng3 Bc5 13. Ngf5 Bxe3+ 14. Nxe3 Nb6 15. g3 Be6 16. b3 Ke7 17. h4 Rad8 18. Bh3 (18. Rxd8 {seems wilder.} Kxd8 19. Kd2 h5 20. f3 Ke7 21. Ke2) 18... Rxd1+ 19. Kxd1 Nc8 20. Ke2 Nd6 21. f3 Nb5 22. Bxe6 fxe6 $14 {[%mdl 4096] Endgame KRN-KRN} 23. a4 Nd6 24. g4 b6 25. h5 h6 26. Rd1 Rf8 27. Rg1 Rg8 28. Rd1 Rf8 29. Rg1 Rg8 30. Rd1 {Accuracy: White = 84%, Black = 90%.} 1/2-1/2

[Event "CZE-ch 2020"]
[Site "Pilsen"]
[Date "2020.08.31"]
[Round "9.35"]
[White "Babula ml., Vlastimil"]
[Black "Jezek, Jan"]
[Result "0-1"]
[WhiteElo "2138"]
[BlackElo "2162"]
[Annotator "TA"]
[PlyCount "100"]
[EventDate "2020.08.23"]
[EventType "swiss"]
[EventCountry "CZE"]
[SourceTitle "playchess.com"]
[Source "ChessBase"]
[SourceQuality "1"]

{[%evp 11,100,39,43,36,40,35,50,41,58,52,58,63,40,26,25,-50,5,-32,-33,-78,-84,-73,-16,-30,-23,-85,-89,-81,-74,-79,-66,-55,30,30,26,0,0,0,0,0,0,-11,-16,-16,-17,-62,-57,-97,-14,-40,-8,-8,-8,-18,0,-219,-216,-685,-679,-1850,-1572,-2716,-2606,-3170,-2859,-5501,-5385,-3622,-2575,-29984,-29985,-29986,-29987,-29987,-29988,-29988,-29989,-29989,-29989,-29989,-29989,-29989,-29988,-29988,-29989,-29989,-29990,-29990,-29991,-29991,-770]} 1. e4 g6 2. d4 Bg7 3. Nc3 d6 4. Be3 a6 5. Qd2 Nd7 6. O-O-O b5 7. h4 {B06: Modern Defence.} h5 $1 {7...h6 deserves study.} 8. Nh3 Nb6 9. Ng5 {White is slightly better.} Nf6 10. f3 b4 11. Nb1 a5 {[#]} 12. Bd3 $146 ({Predecessor:} 12. c4 O-O 13. c5 dxc5 14. dxc5 Qxd2+ 15. Nxd2 Na4 16. Nb3 Nxb2 17. Kxb2 Nxe4+ 18. Kc1 {0-1 (47) Pajak,J (2256)-Koval,V (2209) ICCF email 2016}) 12... e6 13. g4 (13. c4 $11) 13... Ba6 (13... hxg4 $15 14. Qg2 gxf3 15. Qxf3 Qe7) 14. e5 (14. Bxa6 {is interesting.} Rxa6 15. Qd3 Ra8 16. Rhg1 Qd7 17. Nd2) 14... Nfd5 15. gxh5 Bxd3 ({Much weaker is} 15... gxh5 $6 16. Bxa6 Rxa6 17. Qd3 $11) (15... Nxe3 $6 16. Qxe3 Nd5 17. Qe4 $14) 16. Qxd3 Nxe3 ({Of course not} 16... gxh5 17. f4 $11) (16... Rxh5 $17 17. Nxe6 fxe6 18. Qxg6+ {[%mdl 64] Double Attack} Kf8 19. Qxh5 Nxe3) 17. Qxe3 $11 {hxg6 is the strong threat.} Rxh5 18. Nd2 (18. f4 $11) 18... dxe5 $17 19. dxe5 Qd5 20. Qf4 {[#]} Rxg5 $1 21. hxg5 {And now Ne4 would win.} Bxe5 ({Black should try} 21... Qxa2 $15 22. Qe4 Rd8) 22. Qe4 $36 {[%mdl 2048] White is pushing.} O-O-O 23. Qxd5 Rxd5 24. Ne4 Nc4 25. Rxd5 exd5 {[%mdl 4096] Endgame KRN-KBN} 26. Nc5 Bxb2+ 27. Kd1 Bd4 28. Nd3 Kd7 29. Rh4 Bc3 (29... c5 $17 30. Rh7 Nd6) 30. Rh7 Nd6 (30... Ke8 {with more complications.} 31. Ke2 Na3 32. Kd1 Nb5 33. Nf4 c6) 31. Nf4 Kc6 32. Ne2 Bb2 33. c3 $2 {White is now going downhill.} (33. Nf4 $1 $11) 33... Bxc3 $19 ({And not} 33... bxc3 34. Kc2 $11) 34. Nxc3 $2 (34. Rh4) 34... bxc3 {KR-KN} 35. Kc2 d4 36. Kd3 Kd5 37. Rh8 c5 38. Ra8 c4+ 39. Kc2 Nb5 40. Rxa5 d3+ {Black mates.} 41. Kc1 {[#]} Kc6 $1 42. Ra6+ Kc5 43. Ra5 Kb4 44. Ra8 Nd4 45. Rb8+ Kc5 46. Rc8+ Kd5 47. Rd8+ Ke5 48. Re8+ {[#]} Kf5 $1 49. Re1 d2+ {[%mdl 64] Double Attack} 50. Kd1 dxe1=Q+ {Accuracy: White = 49%, Black = 78%.} 0-1